00249nam a2200097Ia 4500008004100000100001700041245001400058260002700072300000900099650004300108190216s9999||||xx |||||||||||||| ||und|| aRalph Mylius 0aLotus 123 bBpb Publicationsc1987 a212p a"Computer Programming. Programs, Data"